Software product for calculation and optimalization of the parameters of technological process
Prezentácia programového systému pre technológiu. Stručná charakteristika programového systému. Prehľad modulov programového systému - 20 modulov. Využitie programového systému.
Na minha lista:
| Autor principal: | |
|---|---|
| Outros Autores: | , |
| Formato: | Capítulo de Livro |
| Idioma: | inglês |
| Assuntos: | |
| Tags: |
Sem tags, seja o primeiro a adicionar uma tag!
|
MARC
| LEADER | 00000naa$a2200000$$$4500 | ||
|---|---|---|---|
| 001 | 0073408 | ||
| 005 | 20240502083210.2 | ||
| 041 | 0 | |a eng | |
| 044 | |a BG | ||
| 245 | 1 | 0 | |a Software product for calculation and optimalization of the parameters of technological process |c Angel Pavlov, Marián Tolnay, Ilian Pavlov |
| 520 | |a Prezentácia programového systému pre technológiu. Stručná charakteristika programového systému. Prehľad modulov programového systému - 20 modulov. Využitie programového systému. | ||
| 610 | 2 | 0 | |a softvér |
| 610 | 2 | 0 | |a programy počítačové |
| 610 | 2 | 0 | |a systémy počítačové |
| 610 | 2 | 0 | |a moduly |
| 610 | 2 | 0 | |a modely simulačné |
| 610 | 2 | 0 | |a modely stochastické |
| 610 | 2 | 0 | |a technológia |
| 100 | 1 | |a Pavlov, Angel | |
| 700 | 1 | |a Tolnay, Marián | |
| 700 | 1 | |a Pavlov, Ilian | |